[Event "Mumbai ICS-ch"]
[Site "Mumbai"]
[Date "2022.10.02"]
[Round "8"]
[White "Karade, Sarvesh Madhukar"]
[Black "Patil, Ketan"]
[Result "1-0"]
[WhiteElo "1146"]
[BlackElo "1637"]
[PlyCount "111"]
[EventDate "2022.09.25"]
[EventType "swiss"]
[EventRounds "8"]
[EventCountry "IND"]
[SourceTitle "EXT 2023"]
[Source "ChessBase"]
[SourceDate "2022.10.05"]
[SourceVersion "1"]
[SourceVersionDate "2022.10.05"]
[SourceQuality "1"]

1. e4 d5 2. exd5 Nf6 3. c4 c6 4. dxc6 Nxc6 5. Nf3 e5 6. Nc3 Bf5 7. d3 Qd7 8. Bg5 Bb4 9. Nh4 0-0-0 10. Nxf5 Qxf5 11. Be3 Kb8 12. h3 Nd4 13. a3 Be7 14. Bxd4 Rxd4 15. Be2 e4 16. 0-0 exd3 17. Bf3 h5 18. Qb3 Qc8 19. Rad1 d2 20. Nd5 Nxd5 21. cxd5 Bd6 22. Qe3 Rc4 23. Qxd2 g5 24. Qxg5 Rf4 25. Rc1 Qf8 26. Be2 Rg8 27. Qxh5 Rh8 28. Qg5 Rg8 29. Qh5 Qg7 30. Bg4 f5 31. Rfe1 Be5 32. d6 a6 33. d7 Qxd7 34. Rxe5 fxg4 35. Rce1 Ka7 36. Rd5 Qc7 37. Rc5 Qd7 38. Rd5 Qc7 39. Rc5 Qd7 40. Rd5 Qc7 41. Rc5 Qg7 42. Rc3 Qf7 43. Qxf7 Rxf7 44. hxg4 Rxg4 45. f3 Rd4 46. g4 Rd2 47. Rb3 Rh7 48. f4 Rdh2 49. Rbe3 Rxb2 50. f5 Rhh2 51. Rg3 Rbf2 52. g5 Rd2 53. f6 Rh8 54. f7 Rf8 55. g6 Rd7 56. Rf1 1-0

[Event "Mumbai ICS-ch"]
[Site "Mumbai"]
[Date "2022.10.01"]
[Round "5"]
[White "Patil, Ketan"]
[Black "Nitin, M Pai"]
[Result "1/2-1/2"]
[WhiteElo "1637"]
[BlackElo "1579"]
[PlyCount "36"]
[EventDate "2022.09.25"]
[EventType "swiss"]
[EventRounds "8"]
[EventCountry "IND"]
[SourceTitle "EXT 2023"]
[Source "ChessBase"]
[SourceDate "2022.10.05"]
[SourceVersion "1"]
[SourceVersionDate "2022.10.05"]
[SourceQuality "1"]

1. e4 c5 2. d4 cxd4 3. c3 d3 4. Bxd3 Nc6 5. c4 g6 6. Nf3 Bg7 7. 0-0 d6 8. h3 Nf6 9. Nc3 0-0 10. Be3 Bd7 11. Rc1 Rc8 12. Qd2 Qa5 13. b3 a6 14. Qe2 Qh5 15. Nd5 Nxd5 16. cxd5 Ne5 17. Nxe5 Qxe2 18. Bxe2 Bxe5 1/2-1/2

[Event "Mumbai Wealth rating op 4th"]
[Site "Mumbai"]
[Date "2018.12.30"]
[Round "1"]
[White "Sai, Mahati A"]
[Black "Patil, Ketan"]
[Result "1/2-1/2"]
[WhiteElo "1267"]
[BlackElo "1767"]
[PlyCount "149"]
[EventDate "2018.12.30"]
[EventType "swiss"]
[EventRounds "9"]
[EventCountry "IND"]
[SourceTitle "CBM 188 Extra"]
[Source "ChessBase"]
[SourceDate "2019.02.26"]
[SourceVersion "1"]
[SourceVersionDate "2019.02.26"]
[SourceQuality "1"]

1. d4 d5 2. c4 e6 3. cxd5 exd5 4. Nc3 Nf6 5. Bg5 Be7 6. Nf3 c6 7. e3 Bf5 8. Bd3 Bxd3 9. Qxd3 Nbd7 10. 0-0 0-0 11. Bxf6 Bxf6 12. b4 a6 13. a4 b5 14. a5 Be7 15. Na2 Bd6 16. Rac1 Rc8 17. Rc2 Qe7 18. Qb3 Rc7 19. Rfc1 Rfc8 20. Re1 Nf6 21. Nd2 Ne4 22. Nxe4 Qxe4 23. Rce2 Re8 24. Qc2 f5 25. Qxe4 Rxe4 26. f3 Re8 27. Rc2 Kf7 28. Kf2 h5 29. Rec1 Rec8 30. h3 h4 31. Ke2 Ke6 32. Kd3 g5 33. e4 fxe4+ 34. fxe4 dxe4+ 35. Kxe4 Bf4 36. Rxc6+ Rxc6 37. Rxc6+ Rxc6 38. d5+ Kd6 39. dxc6 Kxc6 40. Nc3 Bd2 41. Nd5 Kd6 42. Kd4 Be1 43. Ke4 Bg3 44. Kd4 Be5+ 45. Ke4 Ke6 46. Nb6 Bc3 47. Nd5 Be5 48. Nb6 Bg7 49. Nd5 Kd6 50. Ne3 Bc3 51. Nd5 Be1 52. Kd4 Bf2+ 53. Ke4 Bg1 54. Nc3 Ke6 55. Nd5 Bh2 56. Nb6 Bc7 57. Nd5 Bd8 58. Ne3 Bf6 59. Nd5 Be5 60. Nb6 Bf4 61. Nd5 Bg3 62. Nb6 Bb8 63. Nd5 Bd6 64. Kd4 Kf5 65. Kc3 Ke5 66. Ne3 Ke4 67. Ng4 Kf4 68. Nf2 Be7 69. Nd3+ Kg3 70. Nc5 Kxg2 71. Nxa6 Kxh3 72. Nc7 Bf6+ 73. Kd3 Kg3 74. a6 h3 75. a7 1/2-1/2